Economías de escala y economías de ámbito en el sistema bancario chileno.

Bibliographic Details
Main Author: Budnevich, Carlos
Other Authors: Franken, Helmut, Paredes, Ricardo
Format: Libro
Language:English
Published: Santiago, Chile Banco Central de Chile 2001
Series:Documentos de trabajo
Subjects:

MARC

LEADER 00000cam a2200000 a 4500
001 018852
003 UAHC_CL
005 20170803121702.0
008 011105b xx j 000 1 eng
040 |a UAHC_CL  |c UAHC_CL  |d UAHC_CL 
100 1 |a Budnevich, Carlos 
245 1 0 |a Economías de escala y economías de ámbito en el sistema bancario chileno. 
260 |b Banco Central de Chile  |c 2001  |a Santiago, Chile 
300 |a 58 p. 
490 0 |a Documentos de trabajo 
650 4 |a ECONOMIAS DE ESCALA 
700 1 |a Franken, Helmut 
700 1 |a Paredes, Ricardo 
900 |a 658.02 BUD 
942 |c BK 
952 |0 0  |1 0  |4 0  |6 658_020000000000000_BUD  |7 0  |8 General  |9 37770  |a BC  |b BC  |c General  |d 2017-08-03  |l 0  |o 658.02 BUD  |p 1317301  |r 2019-12-02 00:00:00  |t 1  |w 2017-08-03  |y BK 
999 |c 18852  |d 18852